000 02384cam a2200373 i 4500
001 18262799
003 USPCAS-E
005 20180118181420.0
008 140811s2015 njuaf b 001 0 eng
010 _a 2014032168
020 _a9780470952603
040 _aDLC
_beng
_cDLC
_erda
_dDLC
042 _apcc
050 0 0 _aQD505
_b.T36 2015
082 0 0 _a621.3101541395
_223
_bHET 2015
084 _aSCI013050
_2bisacsh
245 0 0 _aHeterogeneous catalysis at nanoscale for energy applications /
_cedited by Franklin (Feng) Tao, William F. Schneider, Prashant V. Kamat.
300 _axv, 326 pages, 16 unnumbered pages of plates :
_billustrations (some color) ;
_c25 cm
502 _a.
504 _aIncludes bibliographical references and index.
520 _a"A key technology in the chemical and energy industries, heterogeneous catalysis is growing in importance owing to its potential for solving global energy problems. This volume covers both fundamental concepts and recent advances in the field, offering an in-depth look at the synthesis and characterization of nanocatalysts as well as a mechanistic understanding of catalysis at atomic level for important processes of energy conversion. Comprehensive and authoritative, the book provides scientists and engineers with a foundation for pioneering the next technical catalysts for energy efficient technologies"--
520 _a"Covers both fundamental concepts and recent advances in the field of heterogeneous catalysis, offering an in-depth look at the synthesis and characterization of nanocatalysts as well as a mechanistic understanding of catalysis at the atomic level for important processes of energy conversion"--
650 0 _aHeterogeneous catalysis.
650 0 _aEnergy conversion.
650 0 _aNanochemistry.
650 7 _aSCIENCE / Chemistry / Physical & Theoretical.
_2bisacsh
700 1 _aTao, Feng,
_d1971-
_eeditor.
700 1 _aSchneider, William F.,
_d1964-
_eeditor.
700 1 _aKamat, Prashant V.,
_eeditor.
776 0 8 _iOnline version:
_tHeterogeneous catalysis at nanoscale for energy applications
_dHobokrn, New Jersey : Wiley, 2014
_z9781118843529
_w(DLC) 2014032523
906 _a7
_bcbc
_corignew
_d1
_eecip
_f20
_gy-gencatlg
942 _2ddc
_cBK
999 _c356010
_d356010